Premier League XIs 1999-2000 - Statistics

General Stats
  • This quiz has been taken 252 times
  • The average score is 66 of 220
Answer Stats
Position Answer % Correct
ST Thierry Henry Arsenal
89%
GK David Seaman Arsenal
83%
MF Paul Scholes Manchester United
82%
MF David Beckham Manchester United
81%
DF Phil Neville Manchester United
81%
GK Paul Gerrard Everton
80%
MF Steven Gerrard Liverpool
80%
ST Andrew Cole Manchester United
79%
ST Robbie Keane Coventry City
79%
MF Roy Keane Manchester United
79%
ST Dennis Bergkamp Arsenal
78%
MF Patrick Vieira Arsenal
78%
MF Ryan Giggs Manchester United
78%
ST Alan Shearer Newcastle United
77%
ST Michael Owen Liverpool
76%
MF Frank Lampard West Ham United
75%
ST Dwight Yorke Manchester United
73%
DF Stephen Carr Tottenham Hotspur
73%
ST Kevin Campbell Everton
71%
DF Sol Campbell Tottenham Hotspur
71%
DF Alan Wright Aston Villa
70%
DF Rio Ferdinand West Ham United
70%
DF Jaap Stam Manchester United
69%
ST Gianfranco Zola Chelsea
68%
ST Alan Smith Leeds United
67%
DF Jamie Carragher Liverpool
67%
DF Lee Dixon Arsenal
66%
DF Denis Irwin Manchester United
65%
MF Emmanuel Petit Arsenal
64%
GK David James Aston Villa
63%
ST Kevin Phillips Sunderland
60%
DF Martin Keown Arsenal
59%
GK Paul Jones Southampton
59%
ST Emile Heskey Leicester City
58%
DF Sami Hyypiä Liverpool
58%
MF Richard Johnson Watford
54%
MF Seth Johnson Derby County
54%
GK Mark Bosnich Manchester United
53%
MF Ray Parlour Arsenal
53%
DF Marcel Desailly Chelsea
52%
ST Dion Dublin Aston Villa
49%
MF Harry Kewell Leeds United
47%
ST Chris Sutton Chelsea
42%
DF Gareth Southgate Aston Villa
41%
DF Mikaël Silvestre Manchester United
41%
MF Paul Ince Middlesbrough
41%
ST Paulo Di Canio West Ham United
41%
MF Dennis Wise Chelsea
40%
ST Duncan Ferguson Newcastle United
40%
MF Gary McAllister Coventry City
40%
MF Ian Taylor Aston Villa
40%
DF Mark Williams Watford
40%
DF Paul Robinson Watford
40%
DF Paul Williams Coventry City
40%
DF Aaron Hughes Newcastle United
39%
GK Ed de Goey Chelsea
38%
DF Des Walker Sheffield Wednesday
37%
GK Ian Walker Tottenham Hotspur
37%
MF Gareth Barry Aston Villa
36%
GK Sander Westerveld Liverpool
36%
MF Stefan Schwarz Sunderland
36%
MF Andy Roberts Wimbledon
35%
GK Nigel Martyn Leeds United
35%
MF Paul Merson Aston Villa
35%
MF Dietmar Hamann Liverpool
34%
ST Nwankwo Kanu Arsenal
34%
MF Darren Anderton Tottenham Hotspur
33%
MF David Ginola Tottenham Hotspur
33%
GK Mark Schwarzer Middlesbrough
33%
MF Rob Lee Newcastle United
33%
MF Gary Speed Newcastle United
32%
DF Jonathan Woodgate Leeds United
32%
ST Kevin Davies Southampton
32%
MF Lee Bowyer Leeds United
32%
MF Robbie Savage Leicester City
32%
MF Alan Quinn Sheffield Wednesday
31%
MF Juninho Middlesbrough
31%
ST Lee Mills Bradford City
31%
ST Niall Quinn Sunderland
31%
DF Gary Pallister Middlesbrough
30%
MF Gus Poyet Chelsea
30%
DF Stéphane Henchoz Liverpool
30%
MF David Thompson Liverpool
29%
DF Frank Lebœuf Chelsea
29%
DF Dean Richards Southampton
28%
DF Lucas Radebe Leeds United
28%
GK Shaka Hislop West Ham United
28%
GK Matt Clarke Bradford City
27%
MF Neil Lennon Leicester City
27%
DF Steve Bould Sunderland
27%
DF Ugo Ehiogu Aston Villa
27%
ST Dean Windass Bradford City
26%
DF Frank Sinclair Leicester City
26%
DF Ian Harte Leeds United
26%
MF Kieron Dyer Newcastle United
26%
ST Paulo Wanchope West Ham United
26%
MF Trevor Sinclair West Ham United
26%
MF Didier Deschamps Chelsea
25%
DF Gary Kelly Leeds United
25%
MF Muzzy Izzet Leicester City
25%
ST Nick Barmby Everton
25%
MF Patrik Berger Liverpool
25%
MF Dan Petrescu Chelsea
24%
GK Mart Poom Derby County
24%
DF Michael Gray Sunderland
24%
DF Sylvinho Arsenal
24%
GK Thomas Sørensen Sunderland
24%
GK Tim Flowers Leicester City
24%
DF Ian Nolan Sheffield Wednesday
23%
GK Steven Harper Newcastle United
23%
DF Andy O'Brien Bradford City
22%
DF David Weir Everton
22%
GK Neil Sullivan Wimbledon
22%
ST Steffen Iversen Tottenham Hotspur
22%
DF Warren Barton Newcastle United
22%
DF Celestine Babayaro Chelsea
21%
DF David Unsworth Everton
21%
MF Nolberto Solano Newcastle United
21%
MF Robbie Earle Wimbledon
21%
MF Stuart McCall Bradford City
21%
MF Tim Sherwood Tottenham Hotspur
21%
ST Tony Cottee Leicester City
21%
DF Albert Ferrer Chelsea
20%
ST Chris Armstrong Tottenham Hotspur
20%
DF Colin Cooper Middlesbrough
20%
MF Eirik Bakke Leeds United
20%
DF Matt Elliott Leicester City
20%
ST Michael Bridges Leeds United
20%
ST Noel Whelan Coventry City
20%
DF Richard Dunne Everton
20%
DF Steve Elliott Derby County
20%
MF Christian Ziege Middlesbrough
19%
ST Dean Saunders Bradford City
19%
MF John Collins Everton
19%
ST Titi Camara Liverpool
19%
ST Brian Deane Middlesbrough
18%
DF Dominic Matteo Liverpool
18%
MF Gilles Grimandi Arsenal
18%
ST Julian Joachim Aston Villa
18%
MF Marc Keller West Ham United
18%
GK Pavel Srníček Sheffield Wednesday
18%
DF Richard Shaw Coventry City
18%
MF Steve Guppy Leicester City
18%
DF Claus Lundekvam Southampton
17%
MF Darryl Powell Derby County
17%
GK Magnus Hedman Coventry City
17%
DF Steve Palmer Watford
17%
GK Alec Chamberlain Watford
16%
DF Mark Delaney Aston Villa
16%
MF Mustapha Hadji Coventry City
16%
MF Andy Impey Leicester City
15%
DF Ben Thatcher Wimbledon
15%
MF George Boateng Aston Villa
15%
DF Gunnar Halle Bradford City
15%
DF Horacio Carbonari Derby County
15%
ST Jason Euell Wimbledon
15%
MF Nicky Summerbee Sunderland
15%
DF Nikos Dabizas Newcastle United
15%
DF Paul Telfer Coventry City
15%
MF Rory Delap Derby County
15%
MF Steve Lomas West Ham United
15%
DF David Wetherall Bradford City
14%
ST Marcus Gayle Wimbledon
14%
ST Marian Pahars Southampton
14%
MF Peter Beagrie Bradford City
14%
DF Gary Breen Coventry City
13%
ST Hamilton Ricard Middlesbrough
13%
DF Kenny Cunningham Wimbledon
13%
MF Niclas Alexandersson Sheffield Wednesday
13%
ST Nordin Wooter Watford
13%
DF Peter Atherton Sheffield Wednesday
13%
MF Peter Kennedy Watford
13%
MF Youssef Chippo Coventry City
13%
ST Andy Booth Sheffield Wednesday
12%
DF Chris Perry Tottenham Hotspur
12%
MF Don Hutchison Everton
12%
DF Jacob Laursen Derby County
12%
MF Jamie Lawrence Bradford City
12%
MF Mark Pembridge Everton
12%
DF Mauricio Taricco Tottenham Hotspur
12%
DF Neil Cox Watford
12%
MF Alex Rae Sunderland
11%
DF Andy Hinchcliffe Sheffield Wednesday
11%
ST Deon Burton Derby County
11%
DF Francis Benali Southampton
11%
MF Gavin McCann Sunderland
11%
MF Matt Oakley Southampton
11%
MF Petter Rudi Sheffield Wednesday
11%
MF Stephen McPhail Leeds United
11%
DF Steve Vickers Middlesbrough
11%
DF Wayne Jacobs Bradford City
11%
MF Wim Jonk Sheffield Wednesday
11%
DF Abel Xavier Everton
10%
DF Chris Makin Sunderland
10%
DF Gerry Taggart Leicester City
10%
DF Gianluca Festa Middlesbrough
10%
MF Marc-Vivien Foé West Ham United
10%
DF Richard Gough Everton
10%
MF Steffen Freund Tottenham Hotspur
10%
DF Didier Domi Newcastle United
9%
DF Jason Dodd Southampton
9%
MF Micah Hyde Watford
9%
ST Michel Ngonge Watford
9%
DF Robert Page Watford
9%
DF Stefan Schnoor Derby County
9%
MF Craig Burley Derby County
8%
DF Curtis Fleming Middlesbrough
8%
DF Igor Štimac West Ham United
8%
DF John Moncur West Ham United
8%
MF Jo Tessem Southampton
8%
ST Carl Cort Wimbledon
7%
MF Chris Marsden Southampton
7%
ST Gilles De Bilde Sheffield Wednesday
7%
MF Hassan Kachloul Southampton
7%
DF Hermann Hreiðarsson Wimbledon
7%
DF Alan Kimble Wimbledon
6%
DF Tony Dorigo Derby County
6%
MF Steve Froggatt Coventry City
5%
DF Paul Butler Sunderland
4%
MF Trond Andersen Wimbledon
4%
No matching quizzes found
Score Distribution
Percent of People with Each Score
Percentile by Number Answered
Your Score History
You have not taken this quiz